00461nam a2200157Ia 45000030006000000080041000060400015000471000019000622450028000812600020001095460012001299420012001419990017001530050017001709520116001870STCL150530s9999 xx 000 0 und d aSTCLcSTCL aButler, J.A.V. aChemical thermodynamics bMacmillanc1955 aEnglish 2ddccBK c32201d3220120220125170238.0 00102ddc4070aSTCALbSTCALcGENd2015-05-30g10.00l0o541.3-342p25010r2015-05-30 00:00:00w2015-05-30yBK